Tiempos modernos
Saved in:
| Hovedforfatter: | |
|---|---|
| Format: | Bog |
| Sprog: | spansk |
| Udgivet: |
Ciudad de México
Correo del Maestro
2010
|
| Serier: | El Arte de Leer y Escribir
|
| Fag: | |
| Tags: |
Tilføj Tag
Ingen Tags, Vær først til at tagge denne postø!
|
MARC
| LEADER | 00000cam a2200000 a 4500 | ||
|---|---|---|---|
| 001 | UCF7491 | ||
| 003 | CL-VaPUC | ||
| 008 | 130627e20100000MX |||||||||||||||||spa|d | ||
| 020 | |a 9789685142656 | ||
| 082 | 0 | 4 | |a 652.3009 |b ROS |2 21 |
| 100 | 0 | |a Rossi, Renzo |e author |9 569533 | |
| 245 | 1 | 0 | |a Tiempos modernos |
| 300 | |a 28 p | ||
| 942 | |c BK | ||
| 945 | |d 20130627 00:00:00 |a cmena | ||
| 260 | |a Ciudad de México |b Correo del Maestro |c 2010 | ||
| 650 | 0 | |a Escritura |9 264941 | |
| 650 | 0 | |a Historia de la escritura |9 389581 | |
| 650 | 0 | |a Libros ilustrados |9 389583 | |
| 650 | 0 | |a Prensa escrita |9 332803 | |
| 583 | |a last modification |c 20130627 13:18:00 |k Rodrigo Vera | ||
| 490 | 0 | |a El Arte de Leer y Escribir | |
| 999 | |c 352314 |d 352312 | ||